The elements of social scientific thinking / (Record no. 34079)

MARC details
000 -LEADER
campo de control de longitud fija 01335cam a2200325K 4500
001 - NÚMERO DE CONTROL
campo de control 97909
005 - FECHA Y HORA DE LA ÚLTIMA TRANSACCIÓN
campo de control 20230410105315.0
008 - DATOS DE LONGITUD FIJA--INFORMACIÓN GENERAL
campo de control de longitud fija 090806s2011 at a b 001 0 eng d
035 ## - NÚMERO DE CONTROL DEL SISTEMA
Número de control de sistema (OCoLC)ocn430053478
040 ## - FUENTE DE CATALOGACIÓN
Centro catalogador/agencia de origen BTCTA
Centro/agencia transcriptor BTCTA
Centro/agencia modificador ORX
-- STF
-- YDXCP
-- YHM
020 ## - NÚMERO INTERNACIONAL ESTÁNDAR DEL LIBRO
Número Internacional Estándar del Libro 9781439082423
020 ## - NÚMERO INTERNACIONAL ESTÁNDAR DEL LIBRO
Número Internacional Estándar del Libro 1439082421
035 ## - NÚMERO DE CONTROL DEL SISTEMA
Número de control de sistema (OCoLC)430053478
050 14 - SIGNATURA TOPOGRÁFICA DE LA BIBLIOTECA DEL CONGRESO
Número de clasificación H 61
Número de ítem H789e 2011
082 00 - NÚMERO DE LA CLASIFICACIÓN DECIMAL DEWEY
Número de clasificación 300.72
100 1# - ENTRADA PRINCIPAL--NOMBRE DE PERSONA
Nombre de persona Hoover, Kenneth R.,
Fechas asociadas al nombre 1940-
245 14 - MENCIÓN DEL TÍTULO
Título The elements of social scientific thinking /
Mención de responsabilidad, etc. Kenneth Hoover, Todd Donovan.
250 ## - MENCION DE EDICION
Mención de edición 10a ed.
260 ## - PUBLICACIÓN, DISTRIBUCIÓN, ETC.
Lugar de publicación, distribución, etc. Australia ;
-- [Boston, MA] :
Nombre del editor, distribuidor, etc. Wadsworth,
Fecha de publicación, distribución, etc. c2011.
300 ## - DESCRIPCIÓN FÍSICA
Extensión ix, 198 p. :
Otras características físicas ill.
Dimensiones 22 cm.
505 0# - NOTA DE CONTENIDO CON FORMATO
Nota de contenido con formato Thinking scientifically -- Elements of science -- Strategies -- Refinements -- Measuring variables and relationships -- Reflections : back to the roots.
504 ## - NOTA DE BIBLIOGRAFÍA, ETC.
Nota de bibliografía, etc. Includes bibliographical references (p. 189-91) and index.
520 ## - RESUMEN, ETC.
Sumario, etc. A concise introduction to the fundamental concepts of social scientific thinking and research. For use in the broad social sciences including poliitical science, sociology, and psychology.
650 #0 - PUNTO DE ACCESO ADICIONAL DE MATERIA--TÉRMINO DE MATERIA
Término de materia o nombre geográfico como elemento de entrada Social sciences
Subdivisión general Methodology.
700 1# - ENTRADA AGREGADA--NOMBRE PERSONAL
Nombre de persona Donovan, Todd.
938 ## -
-- Baker and Taylor
-- BTCP
-- BK0008521962
938 ## -
-- YBP Library Services
-- YANK
-- 3587183
942 ## - ELEMENTOS DE ENTRADA SECUNDARIOS (KOHA)
Fuente del sistema de clasificación o colocación Clasificación de Library of Congress
Tipo de ítem Koha
994 ## -
-- C0
-- DRFGD
Holdings
Estatus retirado Estado de pérdida Fuente del sistema de clasificación o colocación Estado de daño No para préstamo Colección Biblioteca de origen Biblioteca actual Ubicación en estantería Fecha de adquisición Serial enumeration / chronology Signatura topográfica completa Código de barras Visto por última vez Copia número Tipo de ítem Koha
    Clasificación de Library of Congress     Ciencias Sociales Biblioteca Juan Bosch Biblioteca Juan Bosch Ciencias Sociales (3er. Piso) 10/04/2023 1 H 61 H789e 2011 00000072795 24/10/2018 1